| 000 | 00666nam a2200277Ia 4500 | ||
|---|---|---|---|
| 001 | Z_1554 | ||
| 003 | CHAP | ||
| 008 | 220113s1991 xx 000 0 und d | ||
| 010 | _a164642 | ||
| 040 | _cCHAP | ||
| 082 | _a636.50896 C3 | ||
| 100 |
_aCalnek, B W _917566 |
||
| 245 |
_aDiseases of poultry / _cby B. W. Calnek [and others] |
||
| 260 |
_aAmes, Iowa : _bIowa State University Press, _c1991 |
||
| 300 | _a929 p. ; ilus | ||
| 440 | _a | ||
| 500 | _a | ||
| 503 | _a169249 | ||
| 650 |
_aAves de corral _xEnfermedades I. t. _9138695 |
||
| 901 | _a636.50896 C3 | ||
| 902 | _aA | ||
| 910 | _a1991 | ||
| 942 | _c1 | ||
| 942 | _cc1 | ||
| 999 |
_c164642 _d164642 |
||